000
00332nam a22001457a 4500
008
221205b ||||| |||| 00| 0 eng d
020
_a
9781429295246
041
_a
eng
080
_2
SECOND EDITION
_a
91
082
_a
91LAR
100
_a
19.2
101
_a
GJEO
245
_a
DISCOVERING STATISTICS
_c
LAROSE T D
942
_2
udc
_c
BK
999
_c
59098
_d
59098